Challenge of the natural environment (Record no. 37009)

MARC details
000 -LEADER
fixed length control field 00534nam a2200157 a 4500
008 - FIXED-LENGTH DATA ELEMENTS--GENERAL INFORMATION
fixed length control field 120416s0000 ||||||||||||||||| || u
020 ## - INTERNATIONAL STANDARD BOOK NUMBER
International Standard Book Number 0582355974
050 ## - LIBRARY OF CONGRESS CALL NUMBER
Classification number GB 60 Kna
100 ## - MAIN ENTRY--PERSONAL NAME
Personal name Knapp, Brian J., 1946-
245 10 - TITLE STATEMENT
Title Challenge of the natural environment
260 ## - PUBLICATION, DISTRIBUTION, ETC.
Place of publication, distribution, etc. Harlow
Name of publisher, distributor, etc. Longman
Date of publication, distribution, etc. 1989
300 ## - PHYSICAL DESCRIPTION
Extent 272p. : ill
350 ## - PRICE (NR) (BK AM CF MU VM SE) [OBSOLETE]
Price 0.00
700 ## - ADDED ENTRY--PERSONAL NAME
Personal name McCrae, Duncan L. R
995 ## - RECOMMENDATION 995 [LOCAL, UNIMARC FRANCE]
-- 0.00
-- CBU-MAIN LIBRARY (Kitwe)
-- 1
-- 12.99
-- AVAILABLE
-- Main Library Open Access Collection
Holdings
Withdrawn status Lost status Source of classification or shelving scheme Damaged status Not for loan Home library Current library Shelving location Date acquired Total Checkouts Full call number Barcode Date last seen Price effective from Koha item type
          CBU-MAIN LIBRARY, KITWE. CBU-MAIN LIBRARY, KITWE.   11/30/2022   GB 60 Kna 018109 11/30/2022 11/30/2022 MONOGRAPH